000 00546nam a2200133Ia 4500
008 100328s9999 xx 000 0 und d
082 _b71836
100 _aगाडगीळ बाळ.
245 _aजावई,मेव्हणे आणि मंडळी (मर्यादित)
260 _bमधुराज
630 _aजावई,मेव्हणे आणि मंडळी (मर्यादित)
730 _aजावई,मेव्हणे आणि मंडळी (मर्यादित)
942 _cBOOK
999 _c557559
_d557556